000 00408pab a2200145 454500
008 180718b xxu||||| |||| 00| 0 eng d
100 _aKiernan, Kathleen E
245 _aThe impact of family disruption in childhood on transition made in young adult life
650 _a Divorce
650 _a Family
650 _a Children
650 _aMarriage and Divorce
773 _aPopulation Studies
909 _a22275
999 _c22275
_d22275